1558 1826 1415 1488 1891 1458 1123 1257 1092 1547 1215 1549 1096 1159 1660 1570 1784 1880 1574 1171 1478 1354 1709 1130 1268 1036 1179 1766 1937 1249 1750 1814 1214 1733 1060 1252 1534 1141 1216 1044 1950 1968 1667 1405 1659 1198 1474 1943 1706 1476 1581 1306 1334 1357 1720 1035 1482 1797 1737 1751 1858 1804 1963 1019 1422 1435 1224 1117 1188 1110 1876 1577 1148 1506 1576 1279 1207 1765 1830 1838 1280 1255 1014 1064 1847 1111 1320 1079 1061 1353 1844 1071 1716 1220 1621 1798 1330 1406 1425 BCNSPRNW ULIB Ver.6.0+V

เปลี่ยนเป็นภาษาไทย

Change to English
 แสดงรายละเอียดบรรณานุกรม
  กลับหน้าหลัก

Brief Record : Get Marc (ISO 2709) : E-mail record : QR code < ปิดหน้าต่าง
LEADER : 00000nam 2200000uu 4500
001    13399114443
003     ULIB
008    120402s2552||||th 000 0 tha d
020    ^a9786167081137
090    ^aนว.^bก217ล 2552
100 0  ^aกระต่ายหมายจันทร์
245 00 ^aเล่ห์รักวิวาห์ชุลมุน/^cกระต่ายหมายจันทร์
250    ^aพิมพ์ครั้งที่ 1
260    ^aกรุงเทพฯ :^bสมาร์ทบุ๊ค,^c2552
300    ^a376 หน้า
710 1  ^aสมาร์ทบุ๊ค
945    ^p240^l0^i16420
995    ^aกัณชพร
999    ^aใช้งานได้ทุกระบบ
รายการนี้ยังไม่มีแท็ก
คุณยังไม่ได้ล็อกอิน คุณสามารถมีกิจกรรมร่วมกับเว็บไซต์ได้ แต่ต้องล็อกอินก่อน ::
  ล็อกอิน

รายการสื่อสารสนเทศ

ลำดับที่ ประเภท เลขเรียก/บาร์โค้ด สถานที่ สถานะ
1. นวนิยาย
นวนิยาย
นว. ก217ล 2552  
  Barcode: 16420
ห้องสมุดวิทยาเขตสวรรค์ประชารักษ์
►นวนิยาย
บนชั้น
  ขอยืม

รายการใกล้เคียง
    ผู้แต่ง [กระต่ายหมายจันทร์]

BibComment


ยังไม่เคยถูกคอมเมนท์

คอมเมนท์ทรัพยากรรายการนี้
  คอมเมนท์: เล่ห์รักวิวาห์ชุ..


 Copyright 2026. Bcnsprnw @Library